000 00821nam a2200253 i 4500
001 bgj
100 1 _aMUNBY, John
245 1 0 _aCommunicative Syllabus Design :
_ba sociolinguistic model for defining the content of purpose-specific language programmes /
_cJohn Munby.
250 _a1981
_a[9th impr.].
260 _aCambridge :
_bCambridge University Press,
_c1994.
300 _aVI, 232 pp ;
_c23 cm.
504 _aBibliography: p. 219-228.
505 _aIncl. index.
650 9 _aLanguages
_xModern-study and teaching
650 9 _aCurriculum planning
650 9 _aCompetence and performance |(Linguistics)
650 9 _aSociolinguistics
020 _a0521282942 (pbk)
040 _cBPK
041 0 _aeng
920 _a0-521-28-294-2 (pbk)
942 _cKS
008 s uk f |000 0 eng
999 _c48286
_d48286
856 _uhttp://koha.tu.koszalin.pl/cgi-bin/koha/opac-detail.pl?biblionumber=48286
_yKatalog online BPK